| 000 | 00897nam a2200253Ia 4500 | ||
|---|---|---|---|
| 003 | OSt | ||
| 005 | 20221005113254.0 | ||
| 006 | a|||||r|||| 00| 0 | ||
| 007 | ta | ||
| 008 | 221004b |||||||| |||| 00| 0 pan d | ||
| 020 |
_a9788130201252 (hbk) _c600 |
||
| 024 | _a116190 | ||
| 037 |
_b623, 07/03/2012, H.K. Prakashan _cTextual |
||
| 040 |
_aCRL _cCRL _bpan |
||
| 041 |
_2pan _apan |
||
| 082 | _aO153,3N08x, Q2 | ||
| 100 | _aਧਨਵੰਤ ਕੌਹ, ਥਦ। | ||
| 245 | 0 | _aਸੰਤ ਸਿੰਘ ਸੇਖੋ੍ਵ ਰਚਨਾਵਲੀ | |
| 260 |
_aਪਟਿਆਲਾ _bਪੰਜਾਬੀ ਯੂਨੀਵਰਸਿਟੀ ਭਾਰਤ _c2012 |
||
| 300 |
_a725ਪੰ _ccm. |
||
| 650 | _aਪੰਜਾਬੀ ਸਾਹਿਤ | ||
| 942 |
_hO153,3N08x, Q2 _cTEXL _2cc |
||
| 999 |
_c1027613 _d1027613 |
||